000 00974cab a2200301 4500
001 ABS50841
008 090401t1994 xxu||||| |||| 00| 0 eng d
035 _a(Sirsi) u69352
041 _aeng
100 _aStephenson, K.
245 _aValue for money
260 _c1994
350 _a0
490 _aSolicitors` Journal
_v138(22) 10 June 1994, 582-583(2)
520 _aLooks at proposals in the Mallinson report to extend the concept of open market value to `estimated realisation price`. Notes reactions from the market.
650 _aASSET VALUATION
650 _aCHURCH COMMISSIONERS
650 _aESTIMATED REALISATION PRICE
650 _aESTIMATED RESTRICTED REALISATION PRICE
650 _aIPD DATABANK
650 _aMALLINSON REPORT
650 _aNABARRO NATHANSON
650 _aOPEN MARKET VALUE
650 _aCBRE
690 _aPROPERTY-COMMERCIAL PROPERTY-COMMERCIAL PROPERTY APPRAISAL AND VALUATION
942 _n0
948 _c04/03/1997
999 _c43558
_d43558